The Reconstruction of Indo-European Stop Systems : From the Traditional Model to Glottalic Theories /

An increasing number of historical linguists now believe that the traditional reconstruction of the Proto-Indo-European stop system (*T, *D, *Dh) is likely flawed. Yet, despite various proposed alternatives-ranging from systems featuring glottalised or non-plosive consonants to those based on length...

Full description

Saved in:

Other Authors: Kloekhorst, Alwin (Editor), Pronk, Tijmen (Editor)

Format: eBook

Language: English

Published: Leiden ; Boston : Brill, 2026.

Series: Language and Linguistics E-Books Online, Collection 2025.
Leiden Studies in Indo-European ; 29.

Subjects:

Online Access: Login to view Source

Tags: Add Tag

No Tags, Be the first to tag this record!

Call Number: P57.I4

LEADER 02881nam a22004938i 4500
001 BRILL9789004750449
003 nllekb
005 20260324115023.0
006 m d
007 cr un uuuua
008 251016s2026 gw sb 001 0 eng d
020 |a 9789004750449  |q (electronic book) 
020 |z 9789004750432  |q (print) 
024 7 |a 10.1163/9789004750449  |2 DOI 
040 |a NL-LeKB  |c NL-LeKB  |e rda 
041 |a eng 
050 4 |a P57.I4 
072 7 |a CFF  |2 bicssc 
072 7 |a LAN  |x 009000  |2 bisacsh 
072 7 |a LAN  |x 024000  |2 bisacsh 
082 0 4 |a 418/.007/054  |2 23 
245 0 4 |a The Reconstruction of Indo-European Stop Systems :  |b From the Traditional Model to Glottalic Theories /  |c edited by Alwin Kloekhorst and Tijmen Pronk. 
246 3 |a From the Traditional Model to Glottalic Theories 
264 1 |a Leiden ;  |a Boston :  |b Brill,  |c 2026. 
264 4 |c ©2026 
300 |a 1 online resource (450 pages) :  |b illustrations. 
336 |a text  |b txt  |2 rdacontent 
337 |a computer  |b c  |2 rdamedia 
338 |a online resource  |2 rdacarrier 
490 1 |a Language and Linguistics E-Books Online, Collection 2025 
490 1 |a Leiden Studies in Indo-European ;  |v 29 
504 |a Includes bibliographical references and index. 
520 |a An increasing number of historical linguists now believe that the traditional reconstruction of the Proto-Indo-European stop system (*T, *D, *Dh) is likely flawed. Yet, despite various proposed alternatives-ranging from systems featuring glottalised or non-plosive consonants to those based on length contrasts-no single theory has achieved broad consensus. This volume, comprising twenty chapters, brings together leading specialists who examine all relevant data, as well as comparative and typological arguments, to reassess the Proto-Indo-European stop inventory. It also offers the most up-to-date analyses of the evolution of the stop systems across the individual Indo-European branches. Contributors are: Pascale Eskes, Alwin Kloekhorst, Martin Joachim Kümmel, Rianne van Lieburg, Orsat Ligorio, Alexander Lubotsky, Ranko Matasović, Brett Miller, Michaël Peyrot, Tijmen Pronk, Joseph Salmons, Oliver Sayeed, Peter Schrijver, Michiel de Vaan, and Bert Vaux. 
546 |a English 
588 |a Description based on print version record. 
650 0 |a Languages and Linguistics. 
650 0 |a Phonology. 
700 1 |a Kloekhorst, Alwin,  |e editor. 
700 1 |a Pronk, Tijmen,  |e editor. 
776 0 8 |i Print version:  |t The Reconstruction of Indo-European Stop Systems : From the Traditional Model to Glottalic Theories.  |d Leiden ; Boston : Brill, 2026.  |z 9789004750432  |w (OCoLC)1528519152 
830 0 |a Language and Linguistics E-Books Online, Collection 2025. 
830 0 |a Leiden Studies in Indo-European ;  |v 29. 
856 4 |z DOI:   |u http://dx.doi.org/10.1163/9789004750449 
999 |c 61948  |d 61948